01436nam a2200313Ia 450000100060000000300090000600800410001504000130005604000130006904100130008210000220009510000290011724500160014624500160016225000110017826000100018926000210019926000490022030000410026950004540031065000340076465000310079894200070082995700060083699900170084299900070085999900060086695202500087215160IT-RoPAU130308s9999 xx 000 0 und d aIT-RoPAU cIT-RoPAU aITALIANO aBonomelli Geremia gCodice Aut. SPICS: 8990 aStampa (La) bStampa (La) a1a ed. aMONZA bLibreria Vismara c1945 [1° Ed.:1945 - Ed.Ling.Originale:1945] a"148 p. (prefazione: 6; testo: 142)" aSete di Verità€ e di Bene potenza della Stampa e dei Giornali Giornalismo potente per Diffondere Idee Errori e Bestemmie Nei Giornali Giornalismo Puo' Fomentare Antagonismo tra Religione e Patria Letture Cattive e Pudore Illecita la Lettura dei Giornali e libri cattivi Chiesa condanna e Proscrive la Stampa Cattiva Come Conoscere I Giornali cattivi Difendere Chiesa e Patria Anche con la Stampa Opporre Giornali cattolici a Giornali Non Cattolici aDIRITTO NELLA STAMPA DI MASSA eCodice materia Spics: 4609 cBK 71 c68351d68351 bSI g1 001040615160_00000000000000071aSPICSbSPICSd2013-03-08l0o15160r2013-03-08 00:00:00w2013-03-08yBKzProgressivo inserimento: 20833 / N. Volumi: 1 Copie: 1 Copia Rara: SI / data import: 1 marzo 2013 - By Epidotti, Trombetti, Vaglietti.